History Quiz

Random History Quiz

Jacksonian Era Quiz Stats

 Plays Quiz not verified by Sporcle

Score 0/18 Timer 05:00
0 Plays Today
Question % Correct
????
100%
????
70.8%
????
54.2%
????
33.3%
????
20.8%
????
12.5%
????
8.3%
????
8.3%
????
8.3%
Question % Correct
????
4.2%
????
0%
????
0%
????
0%
????
0%
????
0%
????
0%
????
0%
????
0%

You're not logged in!

Compare scores with friends on all Sporcle quizzes.
OR
Log In

You Might Also Like...

Show Comments

Extras

Created Oct 25, 2012ReportNominate
Tags:era

Top Quizzes Today


Score Distribution

Your Account Isn't Verified!

In order to create a playlist on Sporcle, you need to verify the email address you used during registration. Go to your Sporcle Settings to finish the process.

Report this User

Report this user for behavior that violates our Community Guidelines.

Details: